Statistics for Songs that Have Dances that Go With Them

Click here to take the quiz!

General Stats

  • This quiz has been taken 456 times
    (203 since last reset)
  • The average score is 5 of 15

Answer Stats

ArtistSong% Correct
Michael JacksonThriller
74%
PsyGangnam Style
72%
Village PeopleYMCA
72%
Los Del RioMacarena
66%
BeyoncéSingle Ladies
63%
Soulja BoyCrank That (Soulja Boy)
41%
CupidCupid Shuffle
30%
RednexCotton-Eyed Joe
29%
DJ CasperCha Cha Slide
24%
Little EvaThe Loco-Motion
22%
BaauerHarlem Shake
16%
Van McCoyThe Hustle
15%
Marcia GriffithsThe Electric Slide
11%
VICWobble
9%
Buckwheat BoyzIce Cream and Cake
2%

Score Distribution

Percentile by Number Answered

Percent of People with Each Score

Your Score History

You have not taken this quiz since the last reset